| 000 | 01078cam a2200349 i 4500 | ||
|---|---|---|---|
| 999 |
_c200450589 _d68801 |
||
| 001 | 200450589 | ||
| 003 | TR-AnTOB | ||
| 005 | 20221111151829.0 | ||
| 007 | ta | ||
| 008 | 980512s1997 sz i000 0 eng d | ||
| 010 | _a 99491505 | ||
| 020 | _a9291370282 | ||
| 035 | _a(CStRLIN)NYDR9538049-B | ||
| 035 | _a(TR-AnTOB)200450589 | ||
| 040 |
_aSzGBNU _beng _erda _cSzGBNU _dCStRLIN _dDLC _dTR-AnTOB |
||
| 041 | 0 |
_aeng _afre |
|
| 050 | 0 | 4 |
_aHD9910.4 _b.S55 1995 |
| 088 | _aITC/219/2D/95-VI | ||
| 090 |
_aHD9910.4 _b.S55 1995 |
||
| 245 | 1 | 0 |
_aSilk review 1995 : _ba survey of international trends in production and trade. |
| 264 | 1 |
_aGeneva : _bInternational Trade Centre UNCTAD/WTO, _c1995. |
|
| 300 |
_ax, 55 pages ; _c30 cm |
||
| 336 |
_atext _btxt _2rdacontent |
||
| 337 |
_aunmediated _bn _2rdamedia |
||
| 338 |
_avolume _bnc _2rdacarrier |
||
| 490 | 0 | _aMarket development | |
| 650 | 0 |
_aSilk industry _vStatistics _9131027 |
|
| 710 | 2 |
_aInternational Trade Centre UNCTAD/WTO _966159 |
|
| 942 |
_2lcc _cBK |
||